书目信息 |
| 书名: | Modern production/operations management | |
| 作者: | Elwood S. Buffa, Rakesh K. Sarin. | |
| 分册号: | ||
| 分册名: | 出版地: | New York : |
|
| 出版社: | Wiley | |
| 出版时间: | c1987. | |
| 页数: | xiv, 834 p. : | |
| 开本: | 25 cm. | |
| 丛书名: | Wiley series in production/operations management | |
| 中图分类号: | ||
| 科图分类号: | ||
| 其他分类号: | F406 | |
| 主题词: | ||
| 电子资源: | http://www.loc.gov/catdir/toc/onix02/86026802.html http://www.loc.gov/catdir/description/wiley032/86026802.html | |
| 000 | 01105pam a2200313 a 450 | |
| 001 | E0754472607 | |
| 005 | 20070506150900.20 | |
| 008 | 861017s1987 nyua b 001 0 eng | |
| 010 | @a86026802 | |
| 020 | @a0471819050. | |
| 035 | @A(DLC) 86026802 | |
| 040 | @aDLC@cDLC@dDLC | |
| 050 | 00 | @aTS155@b.B723 1987 |
| 082 | 00 | @a658.5@2 19 |
| 090 | @aF406 | |
| 099 | @dF406@ex9 | |
| 100 | 1 | @aBuffa, Elwood Spencer,@d1923- |
| 245 | 10 | @aModern production/operations management / @cElwood S. Buffa, Rakesh K. Sarin. |
| 250 | @a8th ed. | |
| 260 | @aNew York :@bWiley,@cc1987. | |
| 300 | @axiv, 834 p. :@bill. ;@c25 cm. | |
| 440 | 0 | @aWiley series in production/operations management |
| 504 | @aIncludes bibliographies and index. | |
| 650 | 0 | @aProduction management. |
| 700 | 1 | @aSarin, Rakesh K. |
| 856 | 4 | @3 Table of Contents@uhttp://www.loc.gov/catdir/toc/onix02/86026802.html |
| 856 | 42 | @3 Publisher description@uhttp://www.loc.gov/catdir/description/wiley032/86026802.html |
| 906 | @a7@bcbc@corignew@d1@eocip@f19@gy-gencatlg | |
| 991 | @bc-GenColl@hTS155@i.B723 1987@tCopy 1@wBOOKS | |
| Modern production/operations management / / Elwood S. Buffa, Rakesh K. Sarin.-8th ed.-New York : : Wiley, , c1987. |
| xiv, 834 p. : : ill. ; ; 25 cm.- (Wiley series in production/operations management ) |
| Includes bibliographies and index. |
| ISBN 0471819050. |
| ● |
| 相关链接 |
|
|
|
|
正题名:Modern production/operations management
索取号:F406/x9
 
预约/预借
| 序号 | 登录号 | 条形码 | 馆藏地/架位号 | 状态 | 备注 |
| 1 | 7471 | 300074719 | 第二样本阅览室/ [索取号:F406/x9] | 在馆 |